Sports Quiz

Random Sports or Country Quiz

Country by Athlete Quiz Stats

 Plays Quiz Updated Sep 12, 2018

Score 0/30 Timer 06:00
2 Plays Today
Athlete Country % Correct
Daisuke MatsuzakaJapan
90.3%
David BeckhamUnited Kingdom
87.6%
Yao MingChina
85.3%
Rafael NadalSpain
78.4%
Alex OvechkinRussia
78.4%
Sidney CrosbyCanada
78%
Maria SharapovaRussia
76.6%
Steve NashCanada
75.2%
Mia HammUnited States
75%
Roger FedererSwitzerland
71.7%
Sergio GarcíaSpain
71%
Cristiano RonaldoPortugal
69%
Dirk NowitzkiGermany
68.1%
K.J. ChoiSouth Korea
64.1%
Daniel AlfredssonSweden
59.8%
Athlete Country % Correct
Ernie ElsSouth Africa
59.6%
Michael BallackGermany
53.5%
Evgeni NabokovKazakhstan
52.6%
Miroslav KloseGermany
51.8%
Miguel CabreraVenezuela
50.7%
Adrian BeltreDominican Republic
49.5%
Gael MonfilsFrance
48.8%
Liván HernándezCuba
48.6%
Teemu SelanneFinland
47.8%
Vijay SinghFiji
42%
Geoff OgilvyAustralia
38%
Mehmet OkurTurkey
35.4%
Zydrunas IlgauskasLithuania
30.1%
Carlos LeePanama
23.5%
David NalbandianArgentina
22.7%

You're not logged in!

Compare scores with friends on all Sporcle quizzes.
OR
Log In

Sporcle TV

Today on Sporcle TV


Watch our educational content, quiz creation guides, and fun videos on Sporcle TV.

Show Comments

Extras

Top Quizzes Today


Score Distribution

Your Account Isn't Verified!

In order to create a playlist on Sporcle, you need to verify the email address you used during registration. Go to your Sporcle Settings to finish the process.

Report this User

Report this user for behavior that violates our Community Guidelines.

Details: